Normal view MARC view

Entry Nome pessoal

Number of records used in: 1

001 - NÚMERO DE CONTROLE

  • campo de controle: 1009

003 - IDENTIFICADOR DO NÚMERO DE CONTROLE

  • campo de controle: Br

005 - DATA E HORÁRIO DA ÚLTIMA TRANSAÇÃO

  • campo de controle: 20250902073541.0

008 - CAMPO DE DADOS FIXOS

  • campo de controle de tamanho fixo: 030923|| acnacaban aaaa d

035 ## - NÚMERO DE CONTROLE DO SISTEMA

  • Número de Controle do Sistema: 2003092313353499med

040 ## - FONTE DA CATALOGAÇÃO

  • Instituição da catalogação original: Br
  • Instituição que transcreveu o registro: Br
  • Convenções de cabeçalho de assunto/tesauros: Br

100 1# - CABEÇALHO--NOME PESSOAL

  • Nome pessoal: Marz, Anna.

670 1# - FONTE POSITIVA DOS DADOS

  • Citação da fonte positiva dos dados: Sec. de: Aguiar, Luiz Antonio. O dundun que caiu do céu... 1990.

675 ## - FONTE NEGATIVA DOS DADOS

  • Citação da fonte positiva dos dados: Acc. list. 1985 a jun 1990.
  • Citação da fonte positiva dos dados: Bibl. de ilustr. 1977.
  • Citação da fonte positiva dos dados: Bibl. lit. inf. líng. port. 1958-2985.

Powered by Koha